Personnalités par département de naissance - Statistiques

Statistiques générales
  • Ce quiz a été pris 16 fois
  • Le résultat moyen est 2 sur 101
Réponses sur la Carte
Les réponses sont colorées sur une échelle allant du rouge au vert en fonction du pourcentage des utilisateurs qui les ont devinées à leur premier essai. Vous pouvez retrouver ces pourcentages ci-dessous.
 
Statistiques - réponses
Réponse % Correct
Alain Prost
45%
Emmanuel Macron
18%
Marcel Pagnol
18%
Alain-Fournier
9%
Alain Juppé
9%
André Breton
9%
Bernadette Soubirous
9%
Charles de Gaulle
9%
Dom Pérignon
9%
Fabien Barthez
9%
Giuseppe Garibaldi
9%
Jacques Cartier
9%
Jean Calvin
9%
Jeanne d'Arc
9%
Louis Pasteur
9%
Napoléon
9%
Vauban
9%
Vercingétorix
9%
Victor Hugo
9%
Voltaire
9%
Albert Lebrun
0%
Albert Schweitzer
0%
Aliénor d'Aquitaine
0%
Alphonse de Lamartine
0%
André Dussolier
0%
Arthur Rimbaud
0%
Auguste Renoir
0%
Auguste Rodin
0%
Bertrand du Guesclin
0%
Chantal Lauby
0%
Charles Bégin
0%
Charles Péguy
0%
Charles Trenet
0%
Christian Dior
0%
Clément Ader
0%
Coco Chanel
0%
D'Artagnan
0%
Denis Diderot
0%
Etienne de La Boétie
0%
Eugène Delacroix
0%
Félix Eboué
0%
François Guizot
0%
François Mitterrand
0%
Frères Montgolfier
0%
Georges Brassens
0%
Georges Clemenceau
0%
Georges Danton
0%
Georges Pompidou
0%
Gérard Depardieu
0%
Gilbert Bécaud
0%
Guillaume le Conquérant
0%
Gustave Eiffel
0%
Gustave Flaubert
0%
Gustave Le Bon
0%
Henri de Toulouse-Lautrec
0%
Henri II d'Angleterre
0%
Henri IV
0%
Henri Rousseau
0%
Honoré de Balzac
0%
Hubert Védrine
0%
Hugues Capet
0%
Jacques de Molay
0%
Jean-Auguste-Dominique Ingres
0%
Jean Giono
0%
Jean-Louis Trintignant
0%
Jean-Pierre Chevènement
0%
Jean Racine
0%
Joachim Murat
0%
Joseph de Maistre
0%
Joséphine de Beauharnais
0%
Jules Verne
0%
La Fayette
0%
Léon Walras
0%
Louise de Savoie
0%
Louis XIII
0%
Louis XIV
0%
Madame de Maintenon
0%
Martin Fourcade
0%
Michel Serres
0%
Mistinguett
0%
Montesquieu
0%
Pascal Paoli
0%
Patrick Sébastien
0%
Paul Bocuse
0%
Paul Éluard
0%
Paul Ricœur
0%
Paul Verlaine
0%
Philippe Pétain
0%
Pierre de Ronsard
0%
Pierre Soulages
0%
Raymond Poincaré
0%
Richard Bohringer
0%
Roland Garros
0%
Romain Rolland
0%
Samuel de Champlain
0%
Sébastien Loeb
0%
Stendhal
0%
Urbain V
0%
Yann Tiersen
0%
Yves Rocher
0%
Zéna M’Déré
0%
Aucun quiz correspondant
Distribution des résultats
% des personnes avec chaque résultat
Percentile par nombre de réponses
Votre historique - résultats
Vous n’avez pas pris ce quiz